000 00459nam a22001697a 4500
003 NUST - PNEC
005 20170116180756.0
008 150407b xxu||||| |||| 00| 0 eng d
040 _cLIBRARY
082 _a297.6 MAH
100 _92143
_aIdrees, Mohammad
245 _aHisn-e-Haseen (Urdu)
_cMaulana Mohammad Idrees Sahib
260 _aKarachi:
_bTaj Company,
300 _a340 p. :
_c20 cm.
650 _92144
_aLife with Islam
_xGeneral
942 _2ddc
_cBK
999 _c62773
_d62773